000 00819 a2200217 4500
003 Nust
005 20221209093223.0
010 _a 00701402
020 _a0071361073
035 _a(OCoLC)ocm43673269
040 _cNust
082 _a621.382,SHE
100 1 _aShepard, Steven.
_965350
245 1 0 _aTelecommunications convergence :
_bhow to profit from the convergence of technologies, services, and companies /
_cSteven Shepard.
260 _aNew York ;
_aLondon :
_bMcGraw-Hill,
_cc2000.
300 _axlii, 373 p. :
_bill. ;
_c23 cm.
440 0 _aMcGraw-Hill telecom portable consultant
_9104463
505 _aThe Technologies (Page-1), Company Convergence (Page-153), Services Convergence (Page-227), Redefining The Service Provider (Page-279).
650 0 _aTelecommunication Engineering
942 _2ddc
_cBK
999 _c182601
_d182601